[Event "Kieler Open 2017-A"]
[Site "Kiel"]
[Date "2017.08.04"]
[Round "9.35"]
[White "Henschen, Patrick"]
[Black "Schramm, Bernd"]
[Result "1-0"]
[WhiteElo "1734"]
[BlackElo "1930"]
[Annotator "hjh"]
[PlyCount "97"]


1. d4 Nf6 2. c4 e6 3. Nc3 d5 4. cxd5 exd5 5. Bg5 Be7 6. e3 c6 7. Bd3 Bg4 8.
Nge2 Bh5 9. Qc2 Bg6 10. Nf4 Bxd3 11. Nxd3 Nbd7 12. O-O O-O 13. b4 Rc8 14. Rac1
h6 15. Bh4 Ne4 16. Bxe7 Qxe7 17. Na4 Nb6 18. Nab2 Nd7 19. Rfe1 f5 20. f3 Nd6
21. Qb3 Qf7 22. Ne5 Qe6 23. Nbd3 Nxe5 24. dxe5 Nc4 25. f4 Rfe8 26. Nc5 Qe7 27.
Qd3 Rf8 28. Rb1 a5 29. a3 axb4 30. axb4 b6 31. Na4 Ra8 32. Nc3 b5 33. Rb3 g6
34. Nxd5 cxd5 35. Qxd5+ Kg7 36. Qxb5 Na3 37. Qd3 Rfd8 38. Qc3 Rdc8 (38... Rac8
39. Qb2 Rc2 40. Qxa3 Qh4) 39. Qb2 Nb5 40. Rd1 Rd8 41. Rbd3 Rxd3 42. Rxd3 Rd8
43. e6+ Kh7 44. Qd2 Rxd3 45. Qxd3 Qxb4 46. Qd7+ Kh8 47. h3 Nd6 $2 48. e7 Qb8 $4
49. Qd8+ 1-0

[Event "Kieler Open 2017-A"]
[Site "Kiel"]
[Date "2017.08.04"]
[Round "9.36"]
[White "Farokhi, Keyvan"]
[Black "Terwitte, Heinrich"]
[Result "0-1"]
[WhiteElo "1644"]
[BlackElo "1913"]
[Annotator "hjh"]
[PlyCount "120"]


1. e4 c5 2. Nf3 e6 3. d4 cxd4 4. Nxd4 Nf6 5. Nc3 Bb4 6. e5 Nd5 7. Ndb5 O-O 8.
Bd2 Nxc3 9. Bxc3 Bxc3+ 10. Nxc3 Qg5 11. Qe2 Nc6 12. Nb5 Qxe5 13. Qxe5 Nxe5 14.
Nd6 f5 15. O-O-O Rd8 16. f4 Nf7 17. Bc4 a6 18. g4 b5 19. Bb3 Nxd6 20. Rxd6 Rf8
21. g5 a5 22. a4 Ra6 23. Rhd1 Rxd6 24. Rxd6 bxa4 25. Bxa4 Kf7 26. c4 Ke7 27. c5
h6 28. h4 hxg5 29. hxg5 Rh8 30. Kd2 Rh2+ 31. Kc3 Rf2 32. Rd4 Rf3+ 33. Kd2 Rg3
34. b3 e5 35. fxe5 Rxg5 36. Ke3 Rg3+ 37. Kf2 Rc3 38. Rf4 Ke6 39. Rd4 Rxc5 40.
Rd6+ Ke7 41. Rg6 Kf7 42. Rb6 Rxe5 43. Rb8 Rc5 44. Ke3 g5 45. Kd4 d6 46. Rb6 Ke7
47. b4 axb4 48. Rxb4 f4 49. Ke4 Ba6 50. Bd1 Bc8 51. Ra4 Bf5+ 52. Kf3 Rc3+ 53.
Kf2 Ke6 54. Ra8 g4 55. Rf8 g3+ 56. Kg2 Be4+ 57. Kh3 Ke5 58. Re8+ Kd4 59. Rd8 d5
60. Rf8 g2+ 0-1

[Event "Kieler Open 2017-A"]
[Site "Kiel"]
[Date "2017.08.04"]
[Round "9.37"]
[White "Maas, Kolja"]
[Black "Boyens, Birger"]
[Result "0-1"]
[WhiteElo "1589"]
[BlackElo "1868"]
[Annotator "hjh"]
[PlyCount "128"]


1. e4 e5 2. Nf3 Nc6 3. Bb5 a6 4. Ba4 b5 5. Bb3 Na5 6. O-O d6 7. d4 Nxb3 8. axb3
f6 9. c4 Bb7 10. d5 Ne7 11. Nc3 b4 12. Ne2 c6 13. Ng3 cxd5 14. cxd5 Qd7 15. Nh4
g6 16. Be3 Bg7 17. Qd2 a5 18. Bh6 O-O 19. Bxg7 Kxg7 20. f4 Qg4 21. Nf3 exf4 22.
Ne2 g5 23. Nfd4 Rfc8 24. Ne6+ Kh8 25. N2xf4 gxf4 26. Rxf4 Qg6 27. Qd4 {(=)} Ng8
28. Rf3 Rc2 29. Rg3 Qh6 30. Rd1 Rc1 31. Rh3 Rxd1+ 32. Qxd1 Qg6 33. Rh4 Rc8 34.
h3 Qg3 35. Rg4 Qe3+ 36. Kh2 Nh6 37. Rg3 Rc1 38. Rxe3 Rxd1 39. Nd8 Ba6 40. Rf3
Rf1 41. Nc6 Nf7 42. Rxf1 Bxf1 43. Kg3 Ne5 44. Nxa5 Ba6 45. Nc6 Nxc6 46. dxc6
Kg7 47. Kf4 Kf7 48. Kf5 Bc8+ 49. Kf4 Ke7 50. Ke3 Be6 51. g4 Kd8 52. Kf4 h6 53.
Ke3 Kc7 54. Kd3 Kxc6 55. Kd4 Bxb3 56. Kd3 Kc5 57. Ke3 Bf7 58. Kd3 Be6 59. Ke3
Kc4 60. Kd2 Kb3 61. Kc1 Ka2 62. Kc2 Bc4 63. b3 Bxb3+ 64. Kd3 Be6 0-1

[Event "Kieler Open 2017-A"]
[Site "Kiel"]
[Date "2017.08.04"]
[Round "9.38"]
[White "Rommeck, Christiane"]
[Black "Mohamed, Galal"]
[Result "0-1"]
[WhiteElo "1538"]
[BlackElo "1865"]
[Annotator "hjh"]
[PlyCount "38"]


1. e4 e6 2. d4 d5 3. exd5 exd5 4. Nf3 Nf6 5. Bd3 Bd6 6. O-O O-O 7. Nbd2 Bg4 8.
b3 Nbd7 9. Bb2 c6 10. c4 Qc7 11. Qc2 Rfe8 12. cxd5 cxd5 13. Qxc7 Bxc7 14. Rac1
Bd6 15. Nh4 Be2 16. Bxe2 Rxe2 17. Nhf3 Ne4 18. Bc3 (18. Rfe1 Rxd2 19. Nxd2 Nxd2
20. f3 $11) (18. Rfe1 Rxe1+ 19. Rxe1 Rc8 $11) 18... Bf4 19. Rcd1 Nxc3 0-1

[Event "Kieler Open 2017-A"]
[Site "Kiel"]
[Date "2017.08.04"]
[Round "9.39"]
[White "Rohmann, Volker"]
[Black "Vorsilka, Jiri"]
[Result "1-0"]
[WhiteElo "1780"]
[BlackElo "1593"]
[Annotator "hjh"]
[PlyCount "113"]


1. e4 Nf6 2. d3 e5 3. Nf3 Nc6 4. Be2 Be7 5. O-O O-O 6. c3 d5 7. Qc2 Bg4 8. Nbd2
Rc8 9. Re1 d4 10. Nf1 Bxf3 11. Bxf3 Bc5 12. Ng3 dxc3 13. bxc3 Qd7 14. Bb2 Rcd8
15. Rad1 Qe7 16. Rd2 g6 17. Red1 Ba3 18. Qb3 Bxb2 19. Qxb2 b6 20. d4 exd4 21.
cxd4 Qb4 22. Qxb4 Nxb4 23. a3 Nc6 24. e5 Nd5 25. Ne4 Na5 26. Rc2 c6 27. Bg4 h5
28. Bf3 Ne7 29. Nd6 Nc8 30. Nxc8 Rxc8 31. Be4 Rfd8 32. Rc3 c5 33. d5 Nc6 34. f4
Nd4 35. Kf2 Kf8 36. d6 Ke8 37. Ke3 Kd7 38. g3 Rb8 39. h3 h4 40. g4 Rg8 41. Bd5
Rbf8 42. Ke4 Rg7 $2 43. a4 $2 (43. Rxd4 $1 $18 cxd4 44. Rc7+ Kd8 45. Kxd4)
43... f5+ 44. Ke3 Rc8 45. g5 Rh8 $2 46. Rdc1 $2 (46. Rxd4 cxd4+ 47. Kxd4 Rc8
48. e6+) 46... Nc6 47. Bc4 Nd4 48. Ba6 Kc6 49. Rd3 Ne6 50. Bb5+ Kb7 51. Bc4 Nd4
52. Bd5+ Kb8 53. a5 Re8 54. axb6 axb6 55. Ra3 Ra7 56. Rxa7 Kxa7 57. Ra1+ 1-0

[Event "Kieler Open 2017-A"]
[Site "Kiel"]
[Date "2017.08.04"]
[Round "9.40"]
[White "Christensen, Andreas"]
[Black "Gehlsen, René"]
[Result "1-0"]
[WhiteElo "1745"]
[BlackElo "1635"]
[Annotator "hjh"]
[PlyCount "51"]


1. e4 g6 2. d4 d6 3. Nf3 Bg7 4. Be3 Nf6 5. Nc3 a6 6. h3 b5 7. a3 Bb7 8. Bd3 O-O
9. b4 Nc6 10. O-O Rc8 11. Ne2 d5 12. e5 Ne8 13. Qd2 Qd7 14. Bh6 f6 15. Bxg7
Kxg7 16. Qe3 e6 17. exf6+ Rxf6 18. Ne5 Nxe5 19. Qxe5 Qf7 20. Nc1 Nd6 21. Nb3
Nc4 22. Bxc4 dxc4 23. Nc5 Rb8 24. Rae1 Bc8 25. Ne4 Rb7 26. Re3 1-0

[Event "Kieler Open 2017-A"]
[Site "Kiel"]
[Date "2017.08.04"]
[Round "9.41"]
[White "Schmieder, Kerstin"]
[Black "Weber, Andreas"]
[Result "1/2-1/2"]
[WhiteElo "1584"]
[BlackElo "1740"]
[Annotator "hjh"]
[PlyCount "35"]


1. d4 Nf6 2. Nc3 d5 3. Bg5 c5 4. Nf3 Nc6 5. Bxf6 gxf6 6. dxc5 e6 7. e4 d4 8.
Nb5 Bxc5 9. c3 dxc3 10. Qxd8+ Kxd8 11. Rd1+ Ke7 12. Nxc3 Rd8 13. Rxd8 Kxd8 14.
a3 a6 15. Bd3 b5 16. O-O Bb7 17. Rd1 Ke7 18. Bc2 1/2-1/2

[Event "Kieler Open 2017-A"]
[Site "Kiel"]
[Date "2017.08.04"]
[Round "9.42"]
[White "Hoppe, Marc"]
[Black "Bernard, Adrian"]
[Result "1-0"]
[WhiteElo "1561"]
[BlackElo "1745"]
[Annotator "hjh"]
[PlyCount "103"]


1. d4 d5 2. Nf3 e6 3. e3 a6 4. c4 dxc4 5. Bxc4 Nf6 6. Nc3 c5 7. O-O Nc6 8. d5
Nxd5 9. Bxd5 exd5 10. Nxd5 Bg4 11. h3 Bh5 12. e4 Bd6 13. Qb3 b5 14. Nf4 Bxf3
15. Qxf3 Nd4 16. Qd3 O-O 17. b4 Be5 18. Rb1 c4 19. Qd1 c3 20. Qd3 c2 21. Rb2
Rc8 22. Nd5 g6 23. Kh1 Qd6 24. f4 Bg7 25. Ne3 Rfd8 26. e5 Qc6 27. Rf2 Nf5 28.
Qxc2 Nd4 29. Qxc6 Rxc6 30. Rf1 f6 31. Ng4 fxe5 32. fxe5 Nf5 33. Kh2 h5 34. Nf6+
Bxf6 35. exf6 Kf7 36. Re2 Rd7 37. g4 hxg4 38. hxg4 Nd4 39. Re4 Rc2+ 40. Kh3 Nc6
41. Bg5 Rd3+ 42. Be3 Rcc3 43. Rf3 Ra3 44. Kh4 Rxa2 45. g5 Raa3 46. Kg4 Rab3 47.
Rh3 Kg8 48. Re8+ Kf7 49. Rhh8 Rxb4+ 50. Bf4 Ne5+ 51. Rxe5 Rbd4 52. Re7# 1-0

[Event "Kieler Open 2017-A"]
[Site "Kiel"]
[Date "2017.08.04"]
[Round "9.44"]
[White "Müller, Richard"]
[Black "Rempe, Jonas"]
[Result "1/2-1/2"]
[WhiteElo "1434"]
[BlackElo "1585"]
[Annotator "hjh"]
[PlyCount "106"]


1. Nf3 Nf6 2. g3 g6 3. Bg2 Bg7 4. O-O O-O 5. d4 d6 6. Nc3 Nbd7 7. e3 Rb8 8. b3
b6 9. Bb2 Bb7 10. Qd2 c5 11. Ne2 e5 12. c4 Ne4 13. Qd3 f5 14. d5 Nef6 15. Nd2
Nh5 16. f4 e4 17. Qc2 Nhf6 18. h3 Ba6 19. Rfd1 h6 20. Kh2 Kf7 21. a4 Bb7 22.
Rg1 a5 23. Nc3 Ba6 24. Ndb1 Rh8 25. Na3 g5 26. Nab5 Nf8 27. Raf1 g4 28. h4 Ng6
29. Rh1 Nh5 30. Qf2 Nf6 (30... Bf6) 31. Qc2 Nh5 32. Qf2 Nxh4 33. Kg1 Nxg3 34.
Qxg3 Ng6 35. Kf2 (35. Rh5) 35... h5 36. Ke2 h4 37. Qf2 h3 38. Bxh3 gxh3 39. Kd1
Nh4 40. Rxh3 Nf3 41. Rxh8 Bxh8 42. Rh1 Bg7 43. Rh5 Qd7 44. Rh7 Rh8 45. Rxh8
Bxh8 46. Nxe4 Bxb5 47. Nxd6+ Qxd6 48. Bxh8 Qh6 49. axb5 Qxh8 50. Qxf3 Qa1+ 51.
Kc2 Qa2+ 52. Kc3 Qa1+ 53. Kc2 Qa2+ 1/2-1/2

[Event "Kieler Open 2017-A"]
[Site "Kiel"]
[Date "2017.08.04"]
[Round "9.45"]
[White "Behrendt, Matthias"]
[Black "Samuelson, Bernd"]
[Result "1/2-1/2"]
[WhiteElo "1546"]
[BlackElo "1438"]
[Annotator "hjh"]
[PlyCount "72"]


1. Nf3 Nf6 2. g3 d5 3. c4 e6 4. cxd5 exd5 5. Bg2 Be7 6. O-O O-O 7. d3 b6 8. Bd2
Bb7 9. Nc3 Nbd7 10. Rc1 c6 11. Nd4 Rc8 12. Nf5 Re8 13. Nxe7+ Qxe7 14. Qa4 Ra8
15. e4 Nc5 16. Qc2 dxe4 17. Nxe4 Nfxe4 18. dxe4 Rad8 19. Bb4 Qe5 20. Bxc5 bxc5
21. b3 g6 22. Qxc5 Qxc5 23. Rxc5 Rd2 24. Ra5 a6 25. Ra4 Re5 26. f4 Rc5 27. Rc4
Rb5 28. Ra4 Rc5 {(=)} 29. Rc4 Rb5 30. Ra1 Kf8 31. e5 a5 32. Bxc6 Bxc6 33. Rxc6
a4 34. Rc3 axb3 35. axb3 Rb2 36. Ra3 Rd5 1/2-1/2

[Event "Kieler Open 2017-A"]
[Site "Kiel"]
[Date "2017.08.04"]
[Round "9.46"]
[White "Wenske, Hardy"]
[Black "Degenhardt, Andreas"]
[Result "0-1"]
[WhiteElo "1698"]
[BlackElo "1716"]
[Annotator "hjh"]
[PlyCount "108"]


1. Nf3 d5 2. d4 Nf6 3. e3 e6 4. Bd3 Bd6 5. Nbd2 Nbd7 6. O-O O-O 7. Re1 c5 8. c3
Qc7 9. h3 Re8 10. e4 cxd4 11. Nxd4 a6 12. exd5 Nxd5 13. N2f3 Nc5 14. Bc2 b5 15.
Bd2 Bb7 16. Rc1 Rad8 17. Nb3 Nf4 18. Nxc5 Bxc5 19. Bxf4 Qxf4 20. Qe2 Bxf3 21.
Qxf3 Qxf3 22. gxf3 Rd2 23. Rf1 g6 24. b4 Ba7 25. a4 Rc8 26. Be4 Rc7 27. a5 f5
28. Bb1 Kf7 29. Rcd1 Rcd7 30. Bc2 Bxf2+ 31. Rxf2 Rxd1+ 32. Bxd1 Rxd1+ 33. Rf1
Rd3 34. Rc1 Rxf3 35. c4 bxc4 36. Rxc4 Rb3 37. Rc7+ Kf6 38. Rxh7 Rxb4 39. Ra7
Ra4 40. Rxa6 Ke5 41. Ra8 Kf4 42. a6 e5 43. a7 e4 44. h4 Kg3 45. Kf1 Kf3 46. Kg1
Ra1+ 47. Kh2 e3 48. Rg8 Rxa7 49. Rxg6 Ra2+ 50. Kh3 e2 51. Rg3+ Kf4 52. Rg1 Rd2
53. Re1 Kf3 54. h5 Rd1 0-1